Classements de 20 pays les plus visités en 2025 - Statistiques

Statistiques générales
  • Ce quiz a été pris 183 fois
  • Le résultat moyen est 15 sur 20
Statistiques - réponses
Nombre de visiteurs internationaux (en millions) Réponse % Correct
84 Espagne
99%
89 France
99%
79 Etats-Unis
95%
38 Japon
94%
66 Chine
93%
65 Italie
92%
39 Royaume-Uni
92%
32 Canada
90%
40 Allemagne
87%
45 Mexique
85%
30 Portugal
85%
34 Grèce
72%
40 Thaïlande
67%
51 Turquie
65%
29 Pays-bas
62%
28 Pologne
53%
32 Autriche
47%
27 Croatie
40%
26 Hongrie
26%
35 Malaisie
25%
Aucun quiz correspondant
Distribution des résultats
% des personnes avec chaque résultat
Percentile par nombre de réponses
Votre historique - résultats
Vous n’avez pas pris ce quiz